[Event "Guernsey op 41st"]
[Site "Vale"]
[Date "2015.10.24"]
[Round "7"]
[White "Hardy, Roger"]
[Black "Ippel, Cornelius J"]
[Result "1/2-1/2"]
[WhiteElo "1949"]
[BlackElo "1807"]
[PlyCount "79"]
[EventDate "2015.10.18"]
[EventType "swiss"]
[EventRounds "7"]
[EventCountry "GCI"]
[SourceTitle "EXT 2017"]
[Source "ChessBase"]
[SourceDate "2016.10.25"]
[SourceVersion "1"]
[SourceVersionDate "2016.10.25"]
[SourceQuality "1"]

1. d4 e6 2. e4 d5 3. e5 c5 4. c3 Nc6 5. Nf3 Qb6 6. Bd3 Bd7 7. 0-0 cxd4 8. h4 dxc3 9. Nxc3 Nb4 10. Bb1 Qd8 11. Re1 Bc6 12. a3 Na6 13. b4 Nc7 14. Nd4 Qxh4 15. Re3 g6 16. Rh3 Qd8 17. f4 Qd7 18. Bd3 a6 19. Qe2 Ne7 20. g4 b5 21. f5 gxf5 22. gxf5 exf5 23. e6 fxe6 24. Qh5+ Ng6 25. Bg5 Bg7 26. Nce2 a5 27. Rc1 Bb7 28. Rxc7 Bxd4+ 29. Nxd4 Qxc7 30. Nxe6 Qb6+ 31. Be3 Qxe6 32. Bxf5 Qf6 33. Bxg6+ Qxg6+ 34. Qxg6+ hxg6 35. Rxh8+ Kd7 36. Rh7+ Kc6 37. Rg7 axb4 38. axb4 Ra1+ 39. Kf2 Ra2+ 40. Kf1 1/2-1/2

[Event "Leiden LCT op-B 09th"]
[Site "Leiden"]
[Date "2015.07.18"]
[Round "2"]
[White "Ippel, Cornelius J"]
[Black "Stokes, Paul C"]
[Result "0-1"]
[WhiteElo "1830"]
[BlackElo "1921"]
[PlyCount "108"]
[EventDate "2015.07.17"]
[EventType "swiss"]
[EventRounds "9"]
[EventCountry "NED"]
[SourceTitle "EXT 2023"]
[Source "ChessBase"]
[SourceDate "2022.10.05"]
[SourceVersion "1"]
[SourceVersionDate "2022.10.05"]
[SourceQuality "1"]

1. Nc3 d5 2. e4 dxe4 3. Nxe4 Bf5 4. Ng3 Bg6 5. Nf3 Nd7 6. Bc4 e6 7. d4 Ngf6 8. 0-0 Bd6 9. Re1 0-0 10. Nh4 Bxg3 11. Nxg6 Bxf2+ 12. Kxf2 hxg6 13. Kg1 c5 14. c3 Nb6 15. Bb3 cxd4 16. cxd4 Nbd5 17. Bg5 Qb6 18. Kh1 Rac8 19. Bh4 Rfd8 20. Bf2 Qc6 21. Qd2 Qd7 22. Rad1 b5 23. h3 Nh5 24. Bxd5 Qxd5 25. b3 Nf6 26. Re5 Qxe5 27. dxe5 Rxd2 28. Rxd2 Ne4 29. Re2 Nxf2+ 30. Rxf2 Kf8 31. g3 Ke7 32. Kg2 Rc5 33. Re2 f6 34. exf6+ gxf6 35. Rd2 e5 36. Kf2 Ke6 37. g4 Rc3 38. Kg2 e4 39. h4 Ke5 40. h5 gxh5 41. gxh5 f5 42. h6 Rc7 43. Rd8 Kf4 44. Rd5 b4 45. Rb5 Rh7 46. Rxb4 Ke3 47. Rb5 f4 48. Rh5 f3+ 49. Kg1 Ke2 50. Rh2+ Ke1 51. Rc2 Rxh6 52. Rc1+ Kd2 53. Rc5 e3 54. Rf5 Rg6+ 0-1

[Event "Guernsey op 40th"]
[Site "Vale"]
[Date "2014.10.20"]
[Round "2"]
[White "Hewson, Brian Wr"]
[Black "Ippel, Cornelius J"]
[Result "1-0"]
[WhiteElo "2066"]
[BlackElo "1891"]
[PlyCount "137"]
[EventDate "2014.10.19"]
[EventType "swiss"]
[EventRounds "7"]
[EventCountry "GCI"]
[SourceTitle "EXT 2016"]
[Source "ChessBase"]
[SourceDate "2015.10.08"]
[SourceVersion "1"]
[SourceVersionDate "2015.10.08"]
[SourceQuality "1"]

1. d4 e6 2. Nf3 d5 3. Bg5 Nf6 4. Nbd2 c5 5. e3 Nc6 6. c3 Bd7 7. Bd3 h6 8. Bh4 cxd4 9. exd4 Bd6 10. Bg3 Bxg3 11. hxg3 Qc7 12. Qe2 0-0-0 13. Bb5 Ne7 14. Ne5 Bxb5 15. Qxb5 Nc6 16. Ndf3 Rhf8 17. Nxc6 Qxc6 18. Qxc6+ bxc6 19. Ne5 Kc7 20. Nd3 Nd7 21. 0-0-0 Kd6 22. Rhe1 c5 23. dxc5+ Nxc5 24. Nxc5 Kxc5 25. Rd4 Rb8 26. f4 Rb6 27. Ra4 a6 28. Ra5+ Kd6 29. Rd1 Rc8 30. Kc2 f5 31. Ra4 Ke7 32. Rad4 h5 33. Rh1 g6 34. Re1 Kf6 35. Re2 a5 36. Kd3 Rcb8 37. b3 Rc6 38. Rc2 Rc5 39. b4 axb4 40. cxb4 Rxc2 41. Kxc2 Ke7 42. Kb3 Kd6 43. a4 e5 44. fxe5+ Kxe5 45. Rd2 d4 46. a5 Ke4 47. a6 d3 48. Ka4 Ke3 49. Rd1 d2 50. b5 Ke2 51. Rxd2+ Kxd2 52. a7 Ra8 53. b6 Ke3 54. Kb5 Kf2 55. Ka6 Kxg2 56. b7 Rxa7+ 57. Kxa7 Kxg3 58. b8Q+ f4 59. Qg8 f3 60. Qxg6+ Kf2 61. Qxh5 Ke3 62. Qe5+ Kf2 63. Kb6 Kg2 64. Qg5+ Kf1 65. Kc5 f2 66. Kd4 Ke2 67. Qg2 Ke1 68. Ke3 f1N+ 69. Kd3 1-0

[Event "Guernsey op"]
[Site "Guernsey"]
[Date "2013.10.26"]
[Round "7"]
[White "Ippel, Cornelius J"]
[Black "Kraft, Karl Heinz"]
[Result "1-0"]
[WhiteElo "1916"]
[BlackElo "2023"]
[PlyCount "79"]
[EventDate "2013.10.20"]
[EventType "swiss"]
[EventRounds "7"]
[EventCountry "GCI"]
[SourceTitle "CBM 157 Extra"]
[Source "ChessBase"]
[SourceDate "2013.12.19"]
[SourceVersion "1"]
[SourceVersionDate "2013.12.19"]
[SourceQuality "1"]

1. Nc3 e6 2. Nf3 Bb4 3. Ne4 f5 4. Ng3 Nf6 5. c3 Be7 6. Qc2 d5 7. d4 0-0 8. Bf4 c5 9. e3 Nc6 10. Bb5 Bd7 11. Bxc6 Bxc6 12. 0-0 Qe8 13. Be5 Nd7 14. a4 g5 15. h3 h5 16. b4 cxb4 17. cxb4 g4 18. b5 Bxb5 19. axb5 gxf3 20. gxf3 Nxe5 21. dxe5 h4 22. Ne2 Qxb5 23. Nd4 Qd7 24. f4 Rf7 25. Kh2 Bf8 26. Qe2 Rg7 27. Rg1 a6 28. Qh5 Qf7 29. Qh6 Re8 30. Rxg7+ Bxg7 31. Qxh4 Qe7 32. Qh5 Qf7 33. Qg5 Kh7 34. Qh4+ Bh6 35. Nf3 Qf8 36. Qh5 Re7 37. Rg1 Kh8 38. Nh4 Kh7 39. Rg6 b5 40. Nf3 1-0

[Event "Guernsey op"]
[Site "Guernsey"]
[Date "2013.10.24"]
[Round "5"]
[White "Thurlow, Kevin J"]
[Black "Ippel, Cornelius J"]
[Result "1-0"]
[WhiteElo "2016"]
[BlackElo "1916"]
[PlyCount "47"]
[EventDate "2013.10.20"]
[EventType "swiss"]
[EventRounds "7"]
[EventCountry "GCI"]
[SourceTitle "CBM 157 Extra"]
[Source "ChessBase"]
[SourceDate "2013.12.19"]
[SourceVersion "1"]
[SourceVersionDate "2013.12.19"]
[SourceQuality "1"]

1. c4 e5 2. Nc3 Nf6 3. Nf3 Nc6 4. e3 d6 5. d4 Bg4 6. d5 Ne7 7. Be2 Ng6 8. Qc2 Be7 9. h3 Bd7 10. e4 c6 11. Be3 Qc8 12. Rc1 c5 13. a3 0-0 14. g4 Nxg4 15. hxg4 Bxg4 16. Nh2 f5 17. Nxg4 fxg4 18. Qd1 Nh4 19. Bxg4 Ng2+ 20. Kd2 Nxe3 21. fxe3 Qd8 22. Be6+ Kh8 23. Rxh7+ Kxh7 24. Qh5# 1-0

[Event "Haarlem Nova College op-B 12th"]
[Site "Haarlem"]
[Date "2013.06.30"]
[Round "5"]
[White "Ippel, Cornelius J"]
[Black "Hensbergen, Willem"]
[Result "1-0"]
[WhiteElo "1916"]
[BlackElo "2059"]
[PlyCount "101"]
[EventDate "2013.06.28"]
[EventType "swiss"]
[EventRounds "6"]
[EventCountry "NED"]
[SourceTitle "EXT 2015"]
[Source "ChessBase"]
[SourceDate "2014.11.20"]
[SourceVersion "1"]
[SourceVersionDate "2014.11.20"]
[SourceQuality "1"]

1. Nc3 Nf6 2. e4 e5 3. Nf3 d6 4. Bc4 Be7 5. 0-0 0-0 6. d4 Nbd7 7. Bg5 c6 8. a4 b6 9. Qe2 a6 10. Rfd1 Qc7 11. Nh4 Re8 12. Nf5 Bf8 13. Qf3 exd4 14. Rxd4 Ne5 15. Qg3 Bxf5 16. Bxf6 Bg6 17. Bxe5 Rxe5 18. f4 Re7 19. f5 d5 20. fxg6 dxc4 21. gxh7+ Kh8 22. Rad1 Qxg3 23. hxg3 b5 24. Rd8 Re8 25. Rxa8 Rxa8 26. Rd7 f6 27. Kf2 Bc5+ 28. Kf3 Rc8 29. b3 cxb3 30. cxb3 Kxh7 31. Ne2 bxa4 32. bxa4 Kh6 33. Nf4 Rb8 34. Rd1 Rb3+ 35. Kg4 f5+ 36. Kxf5 g6+ 37. Kg4 Kh7 38. Rd7+ Kg8 39. Ne6 Bf2 40. Rg7+ Kh8 41. Rxg6 Rxg3+ 42. Kf5 Rxg6 43. Kxg6 c5 44. Nf4 c4 45. Ne2 Kg8 46. e5 Bc5 47. Kf6 Bb4 48. Ke6 c3 49. Kd7 c2 50. e6 Kg7 51. e7 1-0

[Event "Guernsey op 38th"]
[Site "Guernsey"]
[Date "2012.10.25"]
[Round "5"]
[White "Ippel, Cornelius J"]
[Black "Haria, Ravi"]
[Result "0-1"]
[WhiteElo "1935"]
[BlackElo "2034"]
[PlyCount "104"]
[EventDate "2012.10.21"]
[EventType "swiss"]
[EventRounds "7"]
[EventCountry "GCI"]
[SourceTitle "EXT 2013"]
[Source "ChessBase"]
[SourceDate "2012.11.22"]
[SourceVersion "1"]
[SourceVersionDate "2012.11.22"]
[SourceQuality "1"]

1. d4 Nf6 2. c4 c5 3. d5 b5 4. b3 e6 5. dxe6 fxe6 6. cxb5 d5 7. e3 Bd6 8. Nf3 0-0 9. Bb2 Nbd7 10. Nbd2 Qe7 11. Qc2 Bb7 12. Bd3 e5 13. e4 Kh8 14. 0-0 Rad8 15. exd5 Bxd5 16. Ne4 Nxe4 17. Bxe4 Bxe4 18. Qxe4 Rf4 19. Qe3 e4 20. Nd2 Nb6 21. g3 Rg4 22. h3 Rg6 23. Qxe4 Qd7 24. Qg2 Qxb5 25. Ne4 c4 26. Nxd6 Rgxd6 27. Qf3 Rd3 28. Rfd1 Qc5 29. Rxd3 cxd3 30. Qf7 Qg5 31. Re1 Qg6 32. Qe7 Rg8 33. Rd1 Nd5 34. Qe5 Nb4 35. Qd4 Qh5 36. Qg4 Qxg4 37. hxg4 Rd8 38. a3 Nc6 39. Kf1 Na5 40. Rb1 Nxb3 41. Ke1 Kg8 42. Bxg7 d2+ 43. Kd1 Nc5 44. Bh6 Ne4 45. Kc2 Rc8+ 46. Kd3 d1Q+ 47. Rxd1 Nxf2+ 48. Ke2 Nxd1 49. Kxd1 Rc3 50. Bf4 Rxa3 51. Kc2 Kf7 52. Kb2 Rf3 0-1

[Event "Guernsey op 38th"]
[Site "Guernsey"]
[Date "2012.10.24"]
[Round "4"]
[White "Burrows, Martin P"]
[Black "Ippel, Cornelius J"]
[Result "1-0"]
[WhiteElo "2108"]
[BlackElo "1935"]
[PlyCount "47"]
[EventDate "2012.10.21"]
[EventType "swiss"]
[EventRounds "7"]
[EventCountry "GCI"]
[SourceTitle "EXT 2013"]
[Source "ChessBase"]
[SourceDate "2012.11.22"]
[SourceVersion "1"]
[SourceVersionDate "2012.11.22"]
[SourceQuality "1"]

1. e4 e6 2. d4 d5 3. Nc3 Bb4 4. e5 c5 5. a3 Ba5 6. b4 cxd4 7. Nb5 Bc7 8. f4 Nc6 9. Nf3 a6 10. Nxc7+ Qxc7 11. Bd3 Nge7 12. 0-0 Bd7 13. Bb2 Rc8 14. Kh1 f5 15. exf6 gxf6 16. Nxd4 e5 17. Qh5+ Kd8 18. Nxc6+ Qxc6 19. fxe5 Be8 20. Qh4 Ng6 21. Bxg6 Kc7 22. Bf5 Rd8 23. Qxf6 Bd7 24. Qd6+ 1-0

[Event "Guernsey op 37th"]
[Site "Guernsey"]
[Date "2011.10.16"]
[Round "1"]
[White "Norman, Kenneth I"]
[Black "Ippel, Cornelius J"]
[Result "1/2-1/2"]
[WhiteElo "2160"]
[BlackElo "1969"]
[PlyCount "78"]
[EventDate "2011.10.16"]
[EventType "swiss"]
[EventRounds "7"]
[EventCountry "GCI"]
[SourceTitle "EXT 2012"]
[Source "ChessBase"]
[SourceDate "2011.11.24"]
[SourceVersion "1"]
[SourceVersionDate "2011.11.24"]
[SourceQuality "1"]

1. Nf3 d5 2. g3 Nc6 3. Bg2 e5 4. d3 Nf6 5. 0-0 Be7 6. c4 dxc4 7. Qa4 0-0 8. Qxc4 Be6 9. Qa4 Rb8 10. Nc3 Nd5 11. Bd2 Nb6 12. Qd1 Qd7 13. a4 a6 14. a5 Nd5 15. Nxd5 Bxd5 16. Bc3 f6 17. e4 Be6 18. d4 exd4 19. Nxd4 Nxd4 20. Qxd4 Qxd4 21. Bxd4 Rfd8 22. Bc3 Rd7 23. Rfe1 c6 24. e5 f5 25. Red1 Rbd8 26. Rxd7 Rxd7 27. Kf1 Kf7 28. Ke1 Bc5 29. f4 Rd3 30. Rd1 Re3+ 31. Kd2 Bc4 32. Re1 Rxe1 33. Kxe1 Ke6 34. Bf3 g6 35. h4 h5 36. Bg2 Bd5 37. Bf1 Bb3 38. Bg2 Bd5 39. Bf1 Bb3 1/2-1/2

[Event "Uxbridge e2e4 Major op"]
[Site "Uxbridge"]
[Date "2011.03.20"]
[Round "4"]
[White "Ippel, Cornelius J"]
[Black "Clayton, Tristan"]
[Result "1/2-1/2"]
[WhiteElo "1977"]
[BlackElo "1811"]
[PlyCount "92"]
[EventDate "2011.03.18"]
[EventType "swiss"]
[EventRounds "5"]
[EventCountry "ENG"]
[SourceTitle "EXT 2023"]
[Source "ChessBase"]
[SourceDate "2022.10.05"]
[SourceVersion "1"]
[SourceVersionDate "2022.10.05"]
[SourceQuality "1"]

1. e4 c6 2. d4 d5 3. Nc3 dxe4 4. Nxe4 Nf6 5. Ng3 g6 6. Bc4 Bg7 7. Nf3 Bg4 8. Bxf7+ Kxf7 9. Ne5+ Kg8 10. Nxg4 Nxg4 11. Qxg4 Qxd4 12. Qe6+ Kf8 13. 0-0 Qd7 14. Qb3 Bf6 15. Ne4 Kg7 16. Nc5 Qd5 17. Qe3 Na6 18. Ne6+ Kf7 19. Re1 Rac8 20. Bd2 Nc7 21. Nf4 Qd6 22. Nd3 Rhf8 23. Bb4 Nd5 24. Bxd6 Nxe3 25. Rxe3 exd6 26. Rae1 Rfe8 27. Rxe8 Rxe8 28. Rxe8 Kxe8 29. Kf1 Ke7 30. Ke2 Ke6 31. c3 a5 32. g4 b5 33. f4 c5 34. a3 Kd5 35. g5 Bg7 36. Ke3 Kc4 37. Kd2 b4 38. axb4 axb4 39. cxb4 cxb4 40. h4 Bd4 41. f5 gxf5 42. h5 Kb3 43. Ke2 Kc4 44. Kd2 Kb3 45. Ke2 Kc4 46. Kd2 Kb3 1/2-1/2

[Event "Uxbridge e2e4 Major op"]
[Site "Uxbridge"]
[Date "2011.03.18"]
[Round "1"]
[White "Booley, Graham"]
[Black "Ippel, Cornelius J"]
[Result "1/2-1/2"]
[WhiteElo "1790"]
[BlackElo "1977"]
[PlyCount "108"]
[EventDate "2011.03.18"]
[EventType "swiss"]
[EventRounds "5"]
[EventCountry "ENG"]
[SourceTitle "EXT 2023"]
[Source "ChessBase"]
[SourceDate "2022.10.05"]
[SourceVersion "1"]
[SourceVersionDate "2022.10.05"]
[SourceQuality "1"]

1. e4 e6 2. d4 d5 3. Nc3 Bb4 4. e5 c5 5. a3 Ba5 6. b4 cxd4 7. Nb5 Bc7 8. f4 Nc6 9. Nf3 a6 10. Nbxd4 Bd7 11. c3 Nge7 12. Bd3 Bb6 13. Be3 Rc8 14. Rc1 Ng6 15. 0-0 Nxd4 16. cxd4 Bb5 17. Bxb5+ axb5 18. Qd3 Rc4 19. f5 exf5 20. Qxf5 0-0 21. Ng5 Qe7 22. Qd3 Qd7 23. h3 Bd8 24. Nf3 Be7 25. Nd2 Rxc1 26. Rxc1 f6 27. Nf3 f5 28. Bg5 h6 29. Bxe7 Nxe7 30. Rc5 Rc8 31. Rxb5 g5 32. Rc5 b6 33. Rxc8+ Qxc8 34. Kh2 f4 35. Qb5 Qc6 36. Qxc6 Nxc6 37. g3 fxg3+ 38. Kxg3 Kg7 39. h4 gxh4+ 40. Kxh4 Kg6 41. Kg4 h5+ 42. Kf4 Ne7 43. Nh4+ Kf7 44. Nf5 Nc6 45. b5 Na5 46. Nd6+ Ke6 47. Nc8 Nc4 48. a4 Kd7 49. Na7 Nb2 50. Kf5 Nxa4 51. e6+ Ke8 52. Nc8 Nc3 53. Nxb6 Nxb5 54. Nxd5 Nxd4+ 1/2-1/2

[Event "Guernsey op 35th"]
[Site "Guernsey"]
[Date "2009.10.19"]
[Round "2"]
[White "Ippel, Cornelius J"]
[Black "Dennis, Nigel W"]
[Result "0-1"]
[WhiteElo "2073"]
[BlackElo "1957"]
[PlyCount "128"]
[EventDate "2009.10.18"]
[EventType "swiss"]
[EventRounds "7"]
[EventCountry "GCI"]
[SourceTitle "EXT 2010"]
[Source "ChessBase"]
[SourceDate "2010.11.25"]
[SourceVersion "1"]
[SourceVersionDate "2010.11.25"]
[SourceQuality "1"]

1. e4 c5 2. Nf3 e6 3. d4 cxd4 4. Nxd4 Nf6 5. Nc3 d6 6. Bd3 Nc6 7. Nde2 e5 8. 0-0 Be6 9. Kh1 Be7 10. f4 exf4 11. Bxf4 Ne5 12. Bg5 0-0 13. Bxf6 Bxf6 14. Nd5 Bxd5 15. exd5 Nxd3 16. Qxd3 Be5 17. Rf3 Qg5 18. Raf1 g6 19. b3 b6 20. Ng1 Rac8 21. c4 Rc7 22. Rh3 Bg7 23. Nf3 Qf6 24. Nd2 Qe5 25. Re3 Qd4 26. Qe2 Qb2 27. Ne4 Qxe2 28. Rxe2 Re7 29. Rfe1 Rfe8 30. Ng3 Rxe2 31. Rxe2 Rxe2 32. Nxe2 Be5 33. g3 Kg7 34. Kg2 a5 35. Nc1 Kf6 36. Kf3 h5 37. Nd3 Kf5 38. h3 f6 39. g4+ hxg4+ 40. hxg4+ Kg5 41. a3 f5 42. gxf5 Kxf5 43. b4 axb4 44. axb4 Bd4 45. Nf4 g5 46. Ne6 g4+ 47. Ke2 Ke5 48. Kd3 Bf2 49. Ng5 g3 50. Nf3+ Kf4 51. Ke2 Ke4 52. Nd2+ Kd4 53. Kf3 Be1 54. Nf1 Kxc4 55. Ne3+ Kd3 56. b5 Bf2 57. Nf5 Kc4 58. Nxd6+ Kxd5 59. Ne4 Kc4 60. Nxf2 gxf2 61. Kxf2 Kxb5 62. Ke2 Kb4 63. Kd2 Kb3 64. Kc1 b5 0-1

[Event "Guernsey op 34th"]
[Site "Guernsey"]
[Date "2008.10.25"]
[Round "7"]
[White "Morcom, Huw"]
[Black "Ippel, Cornelius J"]
[Result "0-1"]
[WhiteElo "1978"]
[BlackElo "2065"]
[PlyCount "40"]
[EventDate "2008.10.19"]
[EventType "swiss"]
[EventRounds "7"]
[EventCountry "GCI"]
[SourceTitle "EXT 2009"]
[Source "ChessBase"]
[SourceDate "2008.11.26"]
[SourceVersion "1"]
[SourceVersionDate "2008.11.26"]
[SourceQuality "1"]

1. e4 e6 2. d3 d5 3. Nd2 Nf6 4. Ngf3 c5 5. g3 Nc6 6. Bg2 Be7 7. 0-0 dxe4 8. dxe4 e5 9. c3 Bg4 10. Qb3 Qc7 11. h3 Be6 12. Qc2 h6 13. b3 Rd8 14. Bb2 b5 15. Rad1 0-0 16. Nh4 c4 17. Nf5 Bc5 18. bxc4 bxc4 19. Qa4 Na5 20. Ba3 Bd7 0-1

[Event "Guernsey op 34th"]
[Site "Guernsey"]
[Date "2008.10.23"]
[Round "5"]
[White "Gravett, Alan David"]
[Black "Ippel, Cornelius J"]
[Result "1/2-1/2"]
[WhiteElo "1948"]
[BlackElo "2065"]
[PlyCount "80"]
[EventDate "2008.10.19"]
[EventType "swiss"]
[EventRounds "7"]
[EventCountry "GCI"]
[SourceTitle "EXT 2009"]
[Source "ChessBase"]
[SourceDate "2008.11.26"]
[SourceVersion "1"]
[SourceVersionDate "2008.11.26"]
[SourceQuality "1"]

1. Nf3 c5 2. c4 Nc6 3. Nc3 e6 4. g3 d5 5. cxd5 exd5 6. d4 Nf6 7. Bg2 h6 8. 0-0 c4 9. Ne5 Be6 10. e4 dxe4 11. Nxc6 bxc6 12. Nxe4 Nxe4 13. Bxe4 Qd7 14. Re1 Be7 15. Qa4 Rc8 16. Bd2 0-0 17. Bc3 Rfe8 18. b3 cxb3 19. axb3 Bd8 20. Qxa7 Qxa7 21. Rxa7 Bf6 22. b4 Bd5 23. Bxd5 Rxe1+ 24. Bxe1 cxd5 25. Rd7 Rc1 26. Kf1 Bxd4 27. Rxd5 Bc3 28. Rd8+ Kh7 29. Re8 Bxb4 30. Re4 Bc3 31. Re3 Bd4 32. Re4 Bc5 33. Kg2 Rc2 34. Kf3 g5 35. h3 Kg6 36. g4 Bd6 37. Bb4 Bf4 38. h4 h5 39. gxh5+ Kxh5 40. hxg5 Bxg5 1/2-1/2

[Event "Guernsey op 33rd"]
[Site "Guernsey"]
[Date "2007.10.24"]
[Round "4"]
[White "Ippel, Cornelius J"]
[Black "Bellin, Robert"]
[Result "1/2-1/2"]
[WhiteElo "2042"]
[BlackElo "2400"]
[PlyCount "103"]
[EventDate "2007.10.21"]
[EventType "swiss"]
[EventRounds "7"]
[EventCountry "GCI"]
[SourceTitle "EXT 2009"]
[Source "ChessBase"]
[SourceDate "2008.11.26"]
[SourceVersion "1"]
[SourceVersionDate "2008.11.26"]
[SourceQuality "1"]

1. Nc3 c5 2. e4 Nc6 3. Nf3 g6 4. d4 cxd4 5. Nxd4 Bg7 6. Be3 Nf6 7. Be2 0-0 8. 0-0 d5 9. exd5 Nxd5 10. Nxd5 Qxd5 11. Bf3 Qa5 12. Nb3 Qc7 13. Qc1 Ne5 14. Be2 Ng4 15. Bxg4 Bxg4 16. f3 Bc8 17. c3 Rd8 18. Bf2 Be5 19. g3 h5 20. Re1 Bf6 21. Nd4 Bd7 22. Qe3 e5 23. Nb3 Bc6 24. Nc5 b6 25. Ne4 Bg7 26. Rad1 Rxd1 27. Rxd1 Rd8 28. Rxd8+ Qxd8 29. Qe2 f5 30. Nd2 g5 31. Be3 Bf6 32. Bf2 Kg7 33. b3 g4 34. c4 Qd7 35. Be3 Qd6 36. f4 Bb7 37. fxe5 Bxe5 38. Bf4 Qc5+ 39. Be3 Qc6 40. Kf1 Qh1+ 41. Bg1 Kf6 42. Qe3 Ke6 43. Ke1 h4 44. c5 bxc5 45. Nc4 Qe4 46. Nxe5 Kxe5 47. Qxe4+ Kxe4 48. Bxc5 hxg3 49. hxg3 Kf3 50. Bd6 Ke3 51. Bc5+ Kf3 52. Bd6 1/2-1/2

[Event "Guernsey op 32nd"]
[Site "Grand Harve Bay"]
[Date "2006.10.15"]
[Round "1"]
[White "Burrows, Martin P"]
[Black "Ippel, Cornelius J"]
[Result "1-0"]
[WhiteElo "2215"]
[BlackElo "2046"]
[PlyCount "89"]
[EventDate "2006.10.15"]
[EventType "swiss"]
[EventRounds "7"]
[EventCountry "GCI"]
[SourceTitle "EXT 2007"]
[Source "ChessBase"]
[SourceDate "2006.11.23"]
[SourceVersion "1"]
[SourceVersionDate "2006.11.23"]
[SourceQuality "1"]

1. e4 e6 2. d4 d5 3. Nc3 Bb4 4. e5 c5 5. a3 Ba5 6. b4 cxd4 7. Nb5 Bc7 8. f4 Nc6 9. Nf3 Nge7 10. Bd3 a6 11. Nbxd4 Bb6 12. c3 Qc7 13. Bb2 Ng6 14. g3 Qe7 15. 0-0 Bd7 16. Kh1 Nxd4 17. cxd4 Rc8 18. Qd2 0-0 19. h4 Rfe8 20. h5 Nf8 21. h6 g6 22. a4 f6 23. b5 axb5 24. axb5 Ra8 25. exf6 Qxf6 26. Ne5 Qe7 27. Bc3 Rec8 28. Rfc1 Qe8 29. Rxa8 Rxa8 30. Qb2 Bc7 31. Ng4 Bd8 32. Kg2 Bc8 33. Bd2 Nd7 34. Bb4 Be7 35. Bxe7 Qxe7 36. Rc7 Qd8 37. Qc3 Qf8 38. Qc2 Qe8 39. Rxd7 Qf8 40. Rc7 e5 41. Nf6+ Qxf6 42. Rxc8+ Rxc8 43. Qxc8+ Kf7 44. Qd7+ Kf8 45. Qg7+ 1-0

[Event "Guernsey op 30th"]
[Site "Guernsey"]
[Date "2004.10.09"]
[Round "7"]
[White "Hamperl, Fred A"]
[Black "Ippel, Cornelius J"]
[Result "1/2-1/2"]
[WhiteElo "1961"]
[BlackElo "2068"]
[PlyCount "105"]
[EventDate "2004.10.03"]
[EventType "swiss"]
[EventRounds "7"]
[EventCountry "GCI"]
[SourceTitle "CBM 102 Extra"]
[Source "ChessBase"]
[SourceDate "2004.11.03"]
[SourceVersion "1"]
[SourceVersionDate "2004.11.03"]
[SourceQuality "1"]

1. e4 e6 2. d4 d5 3. exd5 exd5 4. c4 Nf6 5. Nc3 Bb4 6. Bd3 0-0 7. Nge2 dxc4 8. Bxc4 Bd6 9. 0-0 c6 10. Bf4 Bg4 11. f3 Bh5 12. Kh1 Qc7 13. Bxd6 Qxd6 14. Ng3 Nbd7 15. Nxh5 Nxh5 16. Ne4 Qb4 17. Bb3 Nhf6 18. Qd3 Rad8 19. Rad1 Nd5 20. Rfe1 N7f6 21. g3 h6 22. Re2 Qb6 23. Qc2 Qc7 24. Qc5 b6 25. Nxf6+ Nxf6 26. Re7 Rd7 27. Rxd7 Qxd7 28. Qe5 Re8 29. Qf4 Re2 30. Rd2 Re1+ 31. Kg2 Qe7 32. Rf2 Nd5 33. Bxd5 cxd5 34. Qb8+ Kh7 35. Qa8 Qd7 36. Qb8 Qe7 37. Qa8 Qd7 38. Qb8 g5 39. Rc2 Qe7 40. Qc8 Kg7 41. Qf5 Re2+ 42. Rxe2 Qxe2+ 43. Kh3 Qe6 44. Qxe6 fxe6 45. Kg4 Kg6 46. f4 h5+ 47. Kf3 g4+ 48. Ke3 Kf6 49. b3 a5 50. a4 Ke7 51. Kd3 Kd6 52. Kc3 Ke7 53. Kd3 1/2-1/2